000 00271nam a22001097a 4500
999 _c16622
_d16622
082 _a624.1834VEN
100 _aVenu, M
245 _aConcrete with Non-Bio Degradable Waste and Supplementary
260 _aNew Delhi:
_bMcgraw-Hill,
_c2015.
300 _a204p. ;
942 _cBK